THE PRINCIPLES OF HETEROCYCLIC CHEMISTRY (Record no. 7988)

MARC details
000 -LEADER
fixed length control field 00446nam a22001697a 4500
005 - DATE AND TIME OF LATEST TRANSACTION
control field 20220226104024.0
008 - FIXED-LENGTH DATA ELEMENTS--GENERAL INFORMATION
fixed length control field 220226b ||||| |||| 00| 0 eng d
020 ## - INTERNATIONAL STANDARD BOOK NUMBER
ISBN 978-81-88449-88-0
041 ## - LANGUAGE CODE
Language code of text/sound track or separate title eng
082 ## - DEWEY DECIMAL CLASSIFICATION NUMBER
Classification number 547.59
100 ## - MAIN ENTRY--AUTHOR NAME
Personal name KATRITZKY,ALAN R. AND LAGOWSKI,M
245 ## - TITLE STATEMENT
Title THE PRINCIPLES OF HETEROCYCLIC CHEMISTRY
260 ## - PUBLICATION, DISTRIBUTION, ETC. (IMPRINT)
Place of publication HYDERABAD
Name of publisher PHARMA MED PRESS
Year of publication 1967
300 ## - PHYSICAL DESCRIPTION
Number of Pages 183;p
650 ## - SUBJECT ADDED ENTRY--TOPICAL TERM
Topical Term PHARMACY
942 ## - ADDED ENTRY ELEMENTS (KOHA)
Koha item type Books
Holdings
Lost status Damaged status Collection code Home library Current library Shelving location Date acquired Source of acquisition Cost, normal purchase price Full call number Accession Number Koha item type
    Reference JRU Library JRU Library SHELF-5-D 26/02/2022 PURCHASE 275.00 547.59 26703 Books
    PHARMACY JRU Library JRU Library SHELF-17-E 26/02/2022 PURCHASE 275.00 547.59 26704 Books
    PHARMACY JRU Library JRU Library SHELF-17-E 26/02/2022 PURCHASE 275.00 547.59 26705 Books
    PHARMACY JRU Library JRU Library SHELF-17-E 26/02/2022 PURCHASE 275.00 547.59 26706 Books
    PHARMACY JRU Library JRU Library SHELF-17-E 26/02/2022 PURCHASE 275.00 547.59 26707 Books
    PHARMACY JRU Library JRU Library SHELF-17-E 26/02/2022 PURCHASE 275.00 547.59 26708 Books
    PHARMACY JRU Library JRU Library SHELF-17-E 26/02/2022 PURCHASE 275.00 547.59 26709 Books
    PHARMACY JRU Library JRU Library SHELF-17-E 26/02/2022 PURCHASE 275.00 547.59 26710 Books